| 000 | 01132naa a22003017a 4500 | ||
|---|---|---|---|
| 001 | BR9209937 | ||
| 003 | BR-BrBNA | ||
| 005 | 20240918180812.0 | ||
| 007 | ta | ||
| 008 | 230509b bl.||||| |||| 00| 0 por d | ||
| 040 |
_aBR-BrBNA _bpor _cBiblioteca Nacional de Agricultura |
||
| 041 | _a(Pt) | ||
| 072 |
_aL73 _b5212 _b4110 _bG514 |
||
| 090 | _aL73 BR9209937 | ||
| 100 | 1 | _aDobereiner, J. | |
| 100 | 1 | _aLangenegger, J. | |
| 100 | 1 | _aTokarnia, C.H. | |
| 100 | 1 | _aDutra, I.S. | |
| 111 | 1 |
_a16. Congresso Mundial de Buiatria; 6. Congresso Latino Americano de Buiatria _cSalvador, BA (Brazil) _d13-17 Aug 1990 |
|
| 245 | 1 | _aBotulismo epizootico dos bovinos no Brasil | |
| 260 | 3 |
_aSalvador, BA (Brasil): _c1990. |
|
| 500 | _a16. Congresso Mundial de Buiatria; 6. Congresso Latino Americano de Buiatria Salvador, BA (Brasil): 1990. p. 540-546 (BR9209937-AM)L73 | ||
| 650 | _aBOVINO | ||
| 650 | _aBOTULISMO | ||
| 773 | 0 |
_t16. Congresso Mundial de Buiatria; 6. Congresso Latino Americano de Buiatria _b _wL73 BR9209937 _gSalvador, BA (Brasil), 1990. p. 540-546 |
|
| 909 |
_a202404 _bLucia _c55 _dLucia Elande |
||
| 942 |
_cAM _2AGRIS |
||
| 999 |
_c322106 _d322106 |
||